[Event "EUYCC 2024 U10"]
[Site "?"]
[Date "2024.08.06"]
[Round "2.10"]
[White "Hlavacek, Pavel"]
[Black "Grigore, Melania-Cristina"]
[Result "1-0"]
[BlackElo "1466"]
[WhiteElo "1583"]
[LiveChessVersion "1.4.8"]

1. d4 {[%clk 1:30:59]} d5 {[%clk 1:30:52]} 2. c4 {[%clk 1:31:23]} c6
{[%clk 1:31:15]} 3. Nc3 {[%clk 1:31:42]} Nf6 {[%clk 1:31:32]} 4. Nf3
{[%clk 1:31:06]} e6 {[%clk 1:31:35]} 5. Bg5 {[%clk 1:31:26]} dxc4
{[%clk 1:31:51]} 6. e3 {[%clk 1:31:01]} b5 {[%clk 1:28:18]} 7. a4
{[%clk 1:28:13]} Bb4 {[%clk 1:17:54]} 8. axb5 {[%clk 1:22:11]} cxb5
{[%clk 1:18:09]} 9. Be2 {[%clk 1:17:59]} a6 {[%clk 1:13:42]} 10. O-O
{[%clk 1:17:17]} Be7 {[%clk 1:04:58]} 11. Nxb5 {[%clk 1:09:59]} Bb7
{[%clk 0:58:10]} 12. Nc3 {[%clk 1:09:45]} Bd5 {[%clk 0:52:10]} 13. Qa4+
{[%clk 1:06:22]} Qd7 {[%clk 0:51:45]} 14. Ne5 {[%clk 1:03:49]} Qxa4
{[%clk 0:51:17]} 15. Rxa4 {[%clk 0:59:23]} Nbd7 {[%clk 0:47:57]} 16. Nxc4
{[%clk 0:54:04]} Bxc4 {[%clk 0:47:19]} 17. Bxc4 {[%clk 0:51:07]} Nb6
{[%clk 0:47:38]} 18. Rxa6 {[%clk 0:50:51]} Rxa6 {[%clk 0:47:35]} 19. Bxa6
{[%clk 0:51:14]} O-O {[%clk 0:47:52]} 20. Bb7 Nc4 {[%clk 0:44:40]} 21. Ra1
{[%clk 0:35:26]} Nxb2 {[%clk 0:44:20]} 22. Ra7 {[%clk 0:32:37]} Nc4
{[%clk 0:42:02]} 23. Ba6 {[%clk 0:31:00]} Bb4 {[%clk 0:41:52]} 24. Na2
{[%clk 0:29:53]} Bd6 {[%clk 0:40:48]} 25. Bxc4 h6 {[%clk 0:40:28]} 26. Bxf6
{[%clk 0:29:01]} gxf6 {[%clk 0:40:35]} 27. g3 {[%clk 0:28:44]} Rc8
{[%clk 0:40:36]} 28. Bd3 {[%clk 0:28:52]} Rc6 {[%clk 0:38:46]} 29. Ra6
{[%clk 0:27:29]} Rxa6 {[%clk 0:34:49]} 30. Bxa6 {[%clk 0:27:51]} Kg7
{[%clk 0:34:57]} 31. Kg2 {[%clk 0:28:13]} Kg6 {[%clk 0:35:20]} 32. Nc3
{[%clk 0:28:03]} Kf5 {[%clk 0:35:19]} 33. Bd3+ {[%clk 0:27:58]} Kg5
{[%clk 0:35:15]} 34. Ne4+ {[%clk 0:28:22]} Kg4 {[%clk 0:34:59]} 35. Nxd6
{[%clk 0:28:45]} f5 {[%clk 0:34:58]} 36. Nxf7 {[%clk 0:29:04]} Kh5
{[%clk 0:34:23]} 37. Bxf5 {[%clk 0:29:21]} exf5 {[%clk 0:34:18]} 38. Nd6
{[%clk 0:29:38]} Kg6 {[%clk 0:34:35]} 39. Kf3 {[%clk 0:30:02]} Kf6
{[%clk 0:34:51]} 40. Kf4 {[%clk 0:30:30]} Ke6 {[%clk 0:35:05]} 41. Nxf5
{[%clk 0:30:55]} h5 {[%clk 0:35:12]} 42. e4 {[%clk 0:31:20]} Kf6 {[%clk 0:35:26]}
43. e5+ {[%clk 0:31:45]} Ke6 {[%clk 0:35:37]} 44. Ng7+ {[%clk 0:32:06]} Ke7
{[%clk 0:35:58]} 45. Nxh5 {[%clk 0:32:29]} Ke6 {[%clk 0:35:03]} 46. Ke4
{[%clk 0:32:53]} Kd7 {[%clk 0:35:16]} 47. f4 {[%clk 0:33:18]} Ke6
{[%clk 0:35:38]} 48. f5+ {[%clk 0:33:44]} Ke7 {[%clk 0:36:06]} 49. d5 Kd8
{[%clk 0:36:27]} 50. e6 {[%clk 0:34:28]} Ke7 {[%clk 0:36:52]} 51. Ke5 Ke8
{[%clk 0:37:17]} 52. d6 {[%clk 0:35:12]} Kd8 {[%clk 0:37:39]} 53. f6
{[%clk 0:35:38]} Ke8 {[%clk 0:37:58]} 54. g4 {[%clk 0:35:50]} Kf8
{[%clk 0:38:14]} 55. d7 {[%clk 0:36:13]} Kg8 {[%clk 0:38:32]} 56. d8=Q+
{[%clk 0:36:36]} Kh7 {[%clk 0:38:55]} 57. Qe7+ {[%clk 0:36:59]} Kg8
{[%clk 0:39:15]} 58. Qg7# {[%clk 0:37:21]} 1-0

[Event "EUYCC 2024 U10"]
[Site "?"]
[Date "2024.08.06"]
[Round "2.11"]
[White "Malchev, Nikola"]
[Black "Bartecek, David"]
[Result "1-0"]
[BlackElo "1411"]
[WhiteElo "1561"]
[LiveChessVersion "1.4.8"]

1. e4 {[%clk 1:30:56]} e5 {[%clk 1:30:57]} 2. Nf3 {[%clk 1:30:58]} Nc6
{[%clk 1:31:13]} 3. Bc4 {[%clk 1:30:49]} Bc5 {[%clk 1:31:20]} 4. d3
{[%clk 1:30:55]} Nf6 {[%clk 1:31:06]} 5. c3 {[%clk 1:31:04]} d6 {[%clk 1:30:33]}
6. Nbd2 {[%clk 1:31:19]} Bg4 {[%clk 1:30:31]} 7. h3 {[%clk 1:31:11]} Bh5
{[%clk 1:30:43]} 8. Nf1 {[%clk 1:31:28]} O-O {[%clk 1:29:14]} 9. Ng3
{[%clk 1:31:39]} Bg6 {[%clk 1:29:31]} 10. a4 {[%clk 1:31:55]} d5 {[%clk 1:29:03]}
11. exd5 {[%clk 1:27:36]} Nxd5 {[%clk 1:28:13]} 12. O-O {[%clk 1:25:56]} Re8
{[%clk 1:27:10]} 13. Re1 {[%clk 1:23:59]} Nf6 {[%clk 1:26:04]} 14. Bg5
{[%clk 1:22:32]} h6 {[%clk 1:25:24]} 15. Bxf6 {[%clk 1:20:23]} Qxf6
{[%clk 1:25:04]} 16. Ne4 {[%clk 1:20:21]} Bxe4 {[%clk 1:23:18]} 17. Rxe4
{[%clk 1:19:23]} Rad8 {[%clk 1:22:22]} 18. Qc2 {[%clk 1:18:09]} a5
{[%clk 1:18:03]} 19. Rae1 {[%clk 1:17:58]} Kf8 {[%clk 1:17:11]} 20. Bb5
{[%clk 1:18:02]} Bd6 {[%clk 1:14:59]} 21. Qe2 {[%clk 1:15:59]} Rd7
{[%clk 1:13:44]} 22. d4 {[%clk 1:15:30]} Rde7 {[%clk 1:13:33]} 23. d5
{[%clk 1:15:59]} Nd4 {[%clk 1:10:14]} 24. cxd4 {[%clk 1:16:02]} c6
{[%clk 1:09:17]} 25. dxc6 {[%clk 1:15:41]} Bb4 {[%clk 1:09:32]} 26. c7
{[%clk 1:15:17]} Rc8 {[%clk 1:08:49]} 27. dxe5 {[%clk 1:15:20]} Qe6
{[%clk 1:08:50]} 28. Rd1 {[%clk 1:15:40]} Rexc7 {[%clk 1:07:49]} 29. Red4
{[%clk 1:15:01]} Qe7 {[%clk 1:07:20]} 30. e6 {[%clk 1:14:48]} g6 {[%clk 1:06:07]}
31. Ne5 {[%clk 1:14:33]} Qxe6 {[%clk 1:05:57]} 32. Bd7 {[%clk 1:14:31]} Rxd7
{[%clk 1:05:05]} 33. Nxd7+ {[%clk 1:14:42]} Kg7 {[%clk 1:04:27]} 34. Qe5+
{[%clk 1:14:50]} Qxe5 {[%clk 1:04:25]} 35. Nxe5 {[%clk 1:15:18]} Be7
{[%clk 1:04:13]} 36. Rd7 {[%clk 1:15:44]} Re8 {[%clk 1:03:53]} 37. Rxb7
{[%clk 1:13:47]} Kf6 {[%clk 1:02:44]} 38. Rdd7 {[%clk 1:13:32]} Ke6
{[%clk 1:02:36]} 39. Rxe7+ {[%clk 1:13:50]} Rxe7 {[%clk 1:02:54]} 40. Rxe7+
{[%clk 1:14:17]} Kxe7 {[%clk 1:03:17]} 41. Nc6+ {[%clk 1:14:39]} Kd6
{[%clk 1:03:35]} 42. Nxa5 {[%clk 1:15:07]} Kc5 {[%clk 1:03:49]} 43. b3
{[%clk 1:15:32]} Kb4 {[%clk 1:03:54]} 44. Nc6+ {[%clk 1:15:59]} Kxb3
{[%clk 1:03:53]} 45. a5 {[%clk 1:16:27]} Kc4 {[%clk 1:03:58]} 46. a6
{[%clk 1:17:19]} Kc5 {[%clk 1:03:56]} 47. a7 {[%clk 1:17:41]} Kxc6
{[%clk 1:04:16]} 48. a8=Q+ {[%clk 1:18:07]} Kd6 {[%clk 1:04:32]} 49. f4
{[%clk 1:18:28]} Ke6 {[%clk 1:04:53]} 50. Kf2 {[%clk 1:18:51]} Kf6
{[%clk 1:05:11]} 51. Ke3 {[%clk 1:19:18]} Kg7 {[%clk 1:05:16]} 52. Ke4
{[%clk 1:19:41]} f5+ {[%clk 1:05:26]} 53. Ke5 {[%clk 1:20:09]} h5
{[%clk 1:05:39]} 54. h4 {[%clk 1:20:33]} g5 {[%clk 1:05:40]} 55. hxg5
{[%clk 1:20:51]} Kh7 {[%clk 1:04:53]} 56. Kf6 {[%clk 1:21:00]} h4
{[%clk 1:05:05]} 57. Qa7+ {[%clk 1:21:25]} Kh8 {[%clk 1:05:24]} 58. Qg7#
{[%clk 1:21:49]} 1-0

[Event "EUYCC 2024 U10"]
[Site "?"]
[Date "2024.08.06"]
[Round "2.12"]
[White "Huttova, Karolina"]
[Black "Malcheva, Niya"]
[Result "0-1"]
[BlackElo "1551"]
[WhiteElo "1433"]
[LiveChessVersion "1.4.8"]

1. Nf3 {[%clk 1:30:55]} d5 {[%clk 1:30:38]} 2. d4 {[%clk 1:31:13]} Nf6
{[%clk 1:30:54]} 3. g3 {[%clk 1:31:25]} c6 {[%clk 1:30:51]} 4. Bg2
{[%clk 1:31:25]} Bf5 {[%clk 1:30:36]} 5. O-O {[%clk 1:30:36]} e6 {[%clk 1:30:44]}
6. Bf4 {[%clk 1:30:19]} Be7 {[%clk 1:30:44]} 7. Ne5 {[%clk 1:28:44]} Nbd7
{[%clk 1:30:19]} 8. Nd2 {[%clk 1:27:19]} Nxe5 {[%clk 1:29:54]} 9. Bxe5
{[%clk 1:26:41]} O-O {[%clk 1:28:50]} 10. c4 a6 11. Qb3 {[%clk 1:21:57]} Ra7
{[%clk 1:26:36]} 12. Rac1 {[%clk 1:19:19]} Qd7 {[%clk 1:24:02]} 13. f4
{[%clk 1:16:51]} a5 {[%clk 1:22:01]} 14. Qc3 {[%clk 1:08:21]} Bb4
{[%clk 1:22:03]} 15. Qe3 {[%clk 1:07:57]} Ng4 {[%clk 1:22:30]} 16. Qf3
{[%clk 1:07:10]} Bxd2 {[%clk 1:22:52]} 17. Rcd1 {[%clk 1:06:59]} Bb4 18. h3
{[%clk 1:01:25]} Nxe5 {[%clk 1:21:39]} 19. fxe5 {[%clk 1:00:44]} Be4
{[%clk 1:21:44]} 20. Qe3 {[%clk 1:00:00]} Bxg2 {[%clk 1:22:07]} 21. Kxg2
{[%clk 1:00:23]} dxc4 {[%clk 1:22:29]} 22. d5 {[%clk 0:59:40]} Raa8
{[%clk 1:22:36]} 23. d6 {[%clk 0:59:11]} a4 {[%clk 1:22:29]} 24. a3
{[%clk 0:57:36]} Ba5 {[%clk 1:20:43]} 25. Qf4 {[%clk 0:53:28]} c3
{[%clk 1:19:34]} 26. bxc3 {[%clk 0:52:46]} Bxc3 {[%clk 1:19:54]} 27. Rd3
{[%clk 0:52:46]} Ba5 {[%clk 1:19:09]} 28. Qxa4 {[%clk 0:50:59]} Bd8
{[%clk 1:17:58]} 29. Qxa8 {[%clk 0:49:49]} c5 {[%clk 1:18:25]} 30. Qa7
{[%clk 0:49:27]} Qc6+ {[%clk 1:18:50]} 31. Kh2 {[%clk 0:48:25]} Bb6
{[%clk 1:19:16]} 32. d7 {[%clk 0:47:43]} Rd8 {[%clk 1:18:55]} 33. Rd6
{[%clk 0:46:05]} Qxd6 {[%clk 1:19:17]} 34. exd6 {[%clk 0:45:47]} Bxa7
{[%clk 1:19:37]} 35. a4 {[%clk 0:42:53]} Rxd7 {[%clk 1:19:59]} 36. Rd1
{[%clk 0:42:32]} Bb8 {[%clk 1:20:17]} 37. Kg2 {[%clk 0:41:48]} Rxd6
{[%clk 1:20:41]} 38. Rb1 {[%clk 0:41:30]} Rd7 {[%clk 1:20:13]} 39. Rb5
{[%clk 0:41:16]} Bd6 {[%clk 1:20:01]} 40. Kf3 {[%clk 0:41:03]} c4
{[%clk 1:20:12]} 41. Rb2 {[%clk 0:40:34]} c3 {[%clk 1:20:35]} 42. Rc2
{[%clk 0:40:35]} Bb4 {[%clk 1:20:56]} 43. Ke3 {[%clk 0:38:50]} Kf8
{[%clk 1:18:34]} 44. Kf3 {[%clk 0:37:07]} e5 {[%clk 1:17:16]} 45. e3
{[%clk 0:35:12]} f5 {[%clk 1:17:26]} 46. h4 {[%clk 0:33:46]} Rd2 {[%clk 1:17:45]}
47. Rc1 {[%clk 0:33:16]} c2 {[%clk 1:17:56]} 48. e4 {[%clk 0:32:05]} Ba3
{[%clk 1:18:19]} 0-1

[Event "EUYCC 2024 U10"]
[Site "?"]
[Date "2024.08.07"]
[Round "3.1"]
[White "Lobina, Thomas"]
[Black "Chalampuente, Victor"]
[Result "0-1"]
[BlackElo "1851"]
[WhiteElo "1793"]
[LiveChessVersion "1.4.8"]

1. e4 {[%clk 1:30:40]} c6 {[%clk 1:30:57]} 2. d4 {[%clk 1:31:04]} d5
{[%clk 1:31:23]} 3. Nc3 {[%clk 1:31:28]} dxe4 {[%clk 1:31:48]} 4. Nxe4
{[%clk 1:31:56]} Nf6 {[%clk 1:32:07]} 5. Nxf6+ {[%clk 1:31:35]} exf6
{[%clk 1:32:30]} 6. c3 {[%clk 1:31:51]} Bd6 {[%clk 1:32:53]} 7. Bd3
{[%clk 1:32:14]} O-O {[%clk 1:33:06]} 8. Ne2 {[%clk 1:32:37]} Re8
{[%clk 1:33:06]} 9. O-O {[%clk 1:30:55]} Qc7 {[%clk 1:32:26]} 10. Kh1
{[%clk 1:30:27]} Be6 {[%clk 1:31:59]} 11. Ng3 {[%clk 1:26:23]} Nd7
{[%clk 1:31:29]} 12. f4 {[%clk 1:21:14]} g6 {[%clk 1:24:16]} 13. f5
{[%clk 0:50:39]} Bd5 {[%clk 1:20:46]} 14. Qg4 {[%clk 0:49:49]} Bxg3
{[%clk 1:10:22]} 15. hxg3 {[%clk 0:50:02]} h5 {[%clk 1:08:19]} 16. Qh3
{[%clk 0:48:40]} g5 {[%clk 1:01:16]} 17. Kg1 {[%clk 0:47:03]} Be4 18. Be2
{[%clk 0:29:48]} Bxf5 {[%clk 0:43:26]} 19. Rxf5 {[%clk 0:29:46]} Rxe2
{[%clk 0:43:00]} 20. Qxh5 {[%clk 0:30:09]} Rae8 {[%clk 0:37:56]} 21. Kh2
{[%clk 0:28:16]} Kg7 {[%clk 0:36:15]} 22. Qf3 {[%clk 0:25:01]} Rh8+
{[%clk 0:32:11]} 23. Kg1 {[%clk 0:24:47]} Re1+ {[%clk 0:32:12]} 24. Kf2
{[%clk 0:24:17]} Rhh1 {[%clk 0:32:02]} 25. Qd3 {[%clk 0:24:29]} Rxc1
{[%clk 0:29:02]} 26. Rxc1 {[%clk 0:23:46]} Rxc1 {[%clk 0:29:20]} 27. Rf3
{[%clk 0:23:23]} Rh1 {[%clk 0:27:03]} 28. Re3 {[%clk 0:23:45]} Nb6
{[%clk 0:25:46]} 29. c4 {[%clk 0:23:39]} Qd7 {[%clk 0:22:50]} 30. b3
{[%clk 0:23:23]} Rh8 {[%clk 0:21:40]} 31. Rf3 {[%clk 0:22:42]} Re8
{[%clk 0:21:40]} 32. Qc3 {[%clk 0:22:57]} Qe6 {[%clk 0:21:31]} 33. Re3
{[%clk 0:22:55]} Qxe3+ {[%clk 0:21:00]} 34. Qxe3 {[%clk 0:23:17]} Rxe3
{[%clk 0:21:24]} 35. Kxe3 {[%clk 0:23:41]} f5 {[%clk 0:20:44]} 36. d5
{[%clk 0:23:48]} c5 {[%clk 0:18:29]} 37. a3 {[%clk 0:22:50]} Kf6 {[%clk 0:18:26]}
38. Kd3 {[%clk 0:22:53]} Ke5 {[%clk 0:18:22]} 39. b4 {[%clk 0:23:17]} cxb4
{[%clk 0:17:45]} 40. axb4 {[%clk 0:23:42]} Nxd5 {[%clk 0:17:59]} 41. cxd5
{[%clk 0:23:03]} Kxd5 {[%clk 0:18:22]} 42. Kc3 {[%clk 0:23:27]} b5
{[%clk 0:18:39]} 0-1

[Event "EUYCC 2024 U10"]
[Site "?"]
[Date "2024.08.07"]
[Round "3.2"]
[White "Gusev, Daniil Den"]
[Black "Doan, Hoang Minh"]
[Result "1-0"]
[BlackElo "1813"]
[WhiteElo "1842"]
[LiveChessVersion "1.4.8"]

1. e4 {[%clk 1:30:39]} c5 {[%clk 1:30:00]} 2. Nc3 {[%clk 1:30:19]} e6
{[%clk 1:30:06]} 3. Nge2 {[%clk 1:30:19]} Nc6 {[%clk 1:30:00]} 4. g3
{[%clk 1:30:17]} a6 {[%clk 1:29:19]} 5. Bg2 {[%clk 1:30:27]} g6 {[%clk 1:28:18]}
6. d4 {[%clk 1:30:19]} cxd4 {[%clk 1:28:42]} 7. Nxd4 {[%clk 1:30:43]} Nge7
{[%clk 1:28:47]} 8. Bg5 {[%clk 1:26:47]} Bg7 {[%clk 1:28:25]} 9. Nxc6
{[%clk 1:25:23]} bxc6 {[%clk 1:28:42]} 10. Qd6 {[%clk 1:24:51]} h6
{[%clk 1:26:54]} 11. Be3 {[%clk 1:24:34]} g5 {[%clk 1:22:29]} 12. Bd4
{[%clk 1:22:15]} O-O {[%clk 1:18:31]} 13. Bxg7 {[%clk 1:20:01]} Kxg7
{[%clk 1:18:36]} 14. h4 {[%clk 1:18:28]} f5 {[%clk 1:14:35]} 15. Qd4+
{[%clk 1:13:11]} Kg6 {[%clk 1:14:10]} 16. hxg5 {[%clk 1:11:13]} hxg5
{[%clk 1:12:33]} 17. Bf3 {[%clk 1:10:07]} g4 {[%clk 1:10:13]} 18. exf5+
{[%clk 1:10:23]} Nxf5 {[%clk 1:10:33]} 19. Qxg4+ {[%clk 1:10:05]} Qg5
{[%clk 1:10:44]} 20. Qh3 {[%clk 1:01:23]} Qh6 {[%clk 1:07:57]} 21. Bh5+
{[%clk 0:59:48]} Kf6 {[%clk 1:04:24]} 22. g4 {[%clk 0:56:43]} Nd6
{[%clk 1:03:44]} 23. Qg3 {[%clk 0:45:29]} Ke7 {[%clk 0:58:39]} 24. g5
{[%clk 0:45:40]} Qg7 {[%clk 0:58:35]} 25. O-O-O {[%clk 0:45:59]} Nf5 26. Qf4
{[%clk 0:41:34]} e5 {[%clk 0:53:52]} 27. Qb4+ {[%clk 0:38:33]} d6
{[%clk 0:52:22]} 28. f4 {[%clk 0:38:21]} exf4 {[%clk 0:48:52]} 29. Rhe1+
{[%clk 0:37:31]} Be6 {[%clk 0:48:31]} 30. Qb7+ {[%clk 0:37:48]} Bc8 31. Qb4+ Kd7
1-0

[Event "EUYCC 2024 U10"]
[Site "?"]
[Date "2024.08.07"]
[Round "3.3"]
[White "Kovacs, Balazs"]
[Black "Trejbal, Jindrich"]
[Result "1/2-1/2"]
[BlackElo "1763"]
[WhiteElo "1815"]
[LiveChessVersion "1.4.8"]

1. e4 {[%clk 1:30:55]} e5 {[%clk 1:30:52]} 2. Nf3 {[%clk 1:31:16]} Nf6
{[%clk 1:31:15]} 3. Nc3 {[%clk 1:31:39]} Bb4 {[%clk 1:31:36]} 4. Nxe5
{[%clk 1:31:37]} Qe7 {[%clk 1:31:39]} 5. Nd3 {[%clk 1:24:49]} Nxe4
{[%clk 1:24:13]} 6. Nxe4 {[%clk 1:23:24]} Qxe4+ {[%clk 1:24:17]} 7. Be2
{[%clk 1:23:29]} Be7 {[%clk 1:19:40]} 8. O-O {[%clk 1:20:52]} d5 {[%clk 1:12:40]}
9. Bf3 {[%clk 1:18:32]} Qd4 {[%clk 1:12:38]} 10. Qe2 {[%clk 1:17:31]} Be6
{[%clk 1:07:54]} 11. c3 {[%clk 1:15:23]} Qh4 {[%clk 1:04:22]} 12. Ne5
{[%clk 1:10:20]} c6 {[%clk 0:59:43]} 13. Re1 {[%clk 1:09:04]} Nd7
{[%clk 0:56:39]} 14. Nxd7 {[%clk 0:58:43]} Kxd7 {[%clk 0:56:18]} 15. d4
{[%clk 0:56:59]} Rae8 {[%clk 0:51:52]} 16. g3 {[%clk 0:55:42]} Qf6
{[%clk 0:49:24]} 17. Bf4 {[%clk 0:51:27]} Bd6 {[%clk 0:45:04]} 18. Bxd6
{[%clk 0:46:51]} Kxd6 {[%clk 0:45:08]} 19. Qe5+ {[%clk 0:42:59]} Qxe5
{[%clk 0:43:04]} 20. Rxe5 {[%clk 0:43:10]} c5 {[%clk 0:40:26]} 21. Rae1
{[%clk 0:37:04]} Rc8 {[%clk 0:36:46]} 22. dxc5+ {[%clk 0:32:42]} Rxc5
{[%clk 0:35:37]} 23. Bg2 {[%clk 0:27:52]} Rb5 {[%clk 0:32:02]} 24. b3
{[%clk 0:18:48]} Rc5 {[%clk 0:27:19]} 25. f4 {[%clk 0:18:10]} g6 {[%clk 0:25:59]}
26. c4 {[%clk 0:17:40]} d4 {[%clk 0:18:51]} 27. R5e4 {[%clk 0:17:42]} b6
{[%clk 0:17:11]} 28. Rxd4+ {[%clk 0:17:59]} Ke7 {[%clk 0:16:06]} 29. Bd5
{[%clk 0:17:01]} Rd8 {[%clk 0:15:20]} 30. b4 {[%clk 0:13:19]} Rc7
{[%clk 0:15:04]} 31. Rde4 {[%clk 0:12:48]} Rd6 {[%clk 0:14:12]} 32. a3
{[%clk 0:10:06]} Kf6 {[%clk 0:13:28]} 33. Bxe6 {[%clk 0:10:28]} Rxe6
{[%clk 0:13:21]} 34. Rxe6+ {[%clk 0:10:50]} fxe6 {[%clk 0:13:46]} 35. Kf2
{[%clk 0:10:52]} Rxc4 {[%clk 0:14:02]} 1/2-1/2

[Event "EUYCC 2024 U10"]
[Site "?"]
[Date "2024.08.07"]
[Round "3.4"]
[White "Fan, Sizhuo"]
[Black "Mueller, Konstantin"]
[Result "0-1"]
[BlackElo "1835"]
[WhiteElo "1895"]
[LiveChessVersion "1.4.8"]

1. e4 {[%clk 1:30:57]} c5 {[%clk 1:30:53]} 2. Nf3 {[%clk 1:31:17]} e6
{[%clk 1:31:16]} 3. d4 {[%clk 1:31:31]} cxd4 {[%clk 1:31:39]} 4. Nxd4
{[%clk 1:31:43]} a6 {[%clk 1:31:55]} 5. Nc3 {[%clk 1:31:10]} Qc7 {[%clk 1:32:11]}
6. Nb3 {[%clk 1:30:43]} Nf6 {[%clk 1:28:34]} 7. Bd3 {[%clk 1:29:48]} b5
{[%clk 1:26:58]} 8. Be3 {[%clk 1:27:45]} Bb7 {[%clk 1:25:46]} 9. f3
{[%clk 1:25:11]} Bb4 {[%clk 1:23:02]} 10. O-O {[%clk 1:22:42]} O-O
{[%clk 1:22:46]} 11. Bd4 {[%clk 1:20:45]} Nc6 {[%clk 1:13:20]} 12. Bxf6
{[%clk 1:17:35]} gxf6 {[%clk 1:13:44]} 13. f4 {[%clk 1:15:13]} Kh8
{[%clk 0:56:23]} 14. Ne2 {[%clk 1:12:57]} Na5 {[%clk 0:52:57]} 15. c3
{[%clk 1:07:52]} Nxb3 {[%clk 0:52:00]} 16. Qxb3 {[%clk 1:03:42]} Bc5+
{[%clk 0:51:53]} 17. Kh1 {[%clk 1:03:35]} Rg8 {[%clk 0:40:36]} 18. Rae1
{[%clk 1:01:16]} f5 19. Ng3 {[%clk 0:58:03]} fxe4 {[%clk 0:34:38]} 20. Bxe4
{[%clk 0:57:04]} d5 {[%clk 0:32:18]} 21. Bb1 {[%clk 0:56:31]} Rae8
{[%clk 0:27:23]} 22. Re5 {[%clk 0:56:10]} Bd6 {[%clk 0:26:59]} 23. Rh5
{[%clk 0:56:00]} f5 {[%clk 0:27:01]} 24. Rh4 {[%clk 0:54:58]} Qe7
{[%clk 0:25:57]} 25. Rh5 {[%clk 0:54:38]} Rg4 {[%clk 0:25:18]} 26. Re1
{[%clk 0:53:54]} Qf7 {[%clk 0:25:11]} 27. c4 {[%clk 0:53:27]} Rxg3
{[%clk 0:23:25]} 28. Rxh7+ {[%clk 0:52:08]} Qxh7 {[%clk 0:23:06]} 29. Qxg3
{[%clk 0:52:29]} dxc4 {[%clk 0:21:09]} 30. Qg5 {[%clk 0:52:02]} Be7
{[%clk 0:20:30]} 31. Qg3 {[%clk 0:51:50]} Bf6 {[%clk 0:19:39]} 32. Qe3
{[%clk 0:51:57]} Rg8 {[%clk 0:19:13]} 33. Rg1 {[%clk 0:52:14]} Bd5
{[%clk 0:19:03]} 34. Bc2 {[%clk 0:52:14]} Bxb2 {[%clk 0:18:12]} 35. Bd1
{[%clk 0:52:19]} Rg6 {[%clk 0:16:20]} 36. Bf3 {[%clk 0:52:38]} Rh6
{[%clk 0:16:26]} 37. Re1 {[%clk 0:52:14]} Bxf3 {[%clk 0:16:19]} 38. Qxf3
{[%clk 0:52:31]} Rxh2+ {[%clk 0:16:39]} 39. Kg1 {[%clk 0:52:54]} Bd4+
{[%clk 0:17:03]} 40. Kf1 {[%clk 0:53:19]} Rh1+ {[%clk 0:17:28]} 41. Ke2
{[%clk 0:53:42]} Rxe1+ 42. Kxe1 0-1

[Event "EUYCC 2024 U10"]
[Site "?"]
[Date "2024.08.07"]
[Round "3.5"]
[White "Fattori Dittmar, Luca"]
[Black "Kopecny, Adam"]
[Result "1/2-1/2"]
[BlackElo "1720"]
[WhiteElo "1580"]
[LiveChessVersion "1.4.8"]

1. e4 {[%clk 1:30:55]} c5 {[%clk 1:30:43]} 2. Nc3 {[%clk 1:31:12]} Nc6
{[%clk 1:30:28]} 3. d3 {[%clk 1:31:14]} e6 {[%clk 1:30:23]} 4. g3
{[%clk 1:31:34]} d5 {[%clk 1:30:18]} 5. exd5 {[%clk 1:31:35]} exd5
{[%clk 1:30:20]} 6. Bg2 {[%clk 1:31:01]} Be6 {[%clk 1:30:10]} 7. Nge2
{[%clk 1:31:00]} Nf6 {[%clk 1:29:06]} 8. O-O {[%clk 1:30:43]} Be7
{[%clk 1:26:49]} 9. Nf4 {[%clk 1:30:20]} O-O {[%clk 1:24:42]} 10. Re1
{[%clk 1:30:16]} Qd7 {[%clk 1:23:42]} 11. Nxe6 {[%clk 1:30:26]} fxe6
{[%clk 1:24:01]} 12. Bh3 {[%clk 1:30:12]} Nd4 {[%clk 1:22:02]} 13. Be3
{[%clk 1:29:16]} Nf5 {[%clk 1:20:56]} 14. Bxf5 {[%clk 1:29:00]} exf5
{[%clk 1:21:09]} 15. d4 {[%clk 1:28:05]} c4 {[%clk 1:21:24]} 16. Bf4
{[%clk 1:27:19]} Bb4 {[%clk 1:19:58]} 17. f3 {[%clk 1:23:07]} Nh5
{[%clk 1:17:51]} 18. Bd2 {[%clk 1:18:48]} Bxc3 {[%clk 1:13:32]} 19. Bxc3
{[%clk 1:18:22]} Rae8 {[%clk 1:12:23]} 20. Qd2 {[%clk 1:16:28]} h6
{[%clk 1:08:34]} 21. Bb4 {[%clk 1:15:33]} Rxe1+ {[%clk 1:08:52]} 22. Rxe1
{[%clk 1:15:19]} Re8 {[%clk 1:09:18]} 23. Rxe8+ {[%clk 1:15:09]} Qxe8
{[%clk 1:09:34]} 24. Qe1 {[%clk 1:14:54]} Qxe1+ {[%clk 1:08:56]} 25. Bxe1
{[%clk 1:15:15]} Nf6 {[%clk 1:08:56]} 26. h4 {[%clk 1:14:00]} Kf7
{[%clk 1:08:12]} 27. a4 {[%clk 1:11:58]} Nd7 {[%clk 1:05:05]} 28. Kf2
{[%clk 1:09:16]} Ke6 {[%clk 1:02:15]} 29. Bd2 {[%clk 1:08:24]} a6
{[%clk 1:01:41]} 30. b3 {[%clk 1:05:51]} Nb8 {[%clk 0:57:55]} 31. bxc4
{[%clk 1:05:09]} dxc4 {[%clk 0:58:17]} 32. g4 {[%clk 1:03:35]} fxg4
{[%clk 0:58:34]} 33. fxg4 {[%clk 1:03:24]} Kd5 {[%clk 0:58:36]} 34. Ke3
{[%clk 1:01:51]} Nc6 {[%clk 0:58:56]} 35. Bc3 {[%clk 1:01:24]} b5
{[%clk 0:59:10]} 36. axb5 {[%clk 1:01:42]} axb5 {[%clk 0:59:32]} 37. Bb2
{[%clk 1:01:12]} b4 {[%clk 0:59:47]} 38. c3 {[%clk 1:01:17]} Nxd4
{[%clk 0:56:29]} 39. cxb4 {[%clk 0:58:51]} Ne6 {[%clk 0:53:55]} 40. h5
{[%clk 0:58:06]} Kc6 {[%clk 0:53:25]} 1/2-1/2

[Event "EUYCC 2024 U10"]
[Site "?"]
[Date "2024.08.07"]
[Round "3.6"]
[White "Komogortsev, Petra"]
[Black "Malchev, Nikola"]
[Result "1/2-1/2"]
[BlackElo "1561"]
[WhiteElo "1723"]
[LiveChessVersion "1.4.8"]

1. d4 {[%clk 1:30:52]} d5 {[%clk 1:30:43]} 2. c4 {[%clk 1:31:07]} c6
{[%clk 1:31:01]} 3. cxd5 {[%clk 1:31:27]} cxd5 {[%clk 1:31:07]} 4. Nc3
{[%clk 1:31:45]} Nf6 {[%clk 1:30:51]} 5. Nf3 {[%clk 1:32:05]} Nc6
{[%clk 1:30:26]} 6. Bf4 {[%clk 1:31:41]} Ne4 {[%clk 1:30:11]} 7. e3
{[%clk 1:31:03]} Bf5 {[%clk 1:30:22]} 8. Qb3 {[%clk 1:30:25]} Nxc3
{[%clk 1:28:01]} 9. bxc3 {[%clk 1:26:46]} Qa5 {[%clk 1:14:04]} 10. Be2
{[%clk 1:21:42]} a6 {[%clk 1:11:54]} 11. O-O {[%clk 1:19:01]} Ra7
{[%clk 1:08:57]} 12. Rac1 {[%clk 0:59:49]} e6 {[%clk 1:06:20]} 13. c4
{[%clk 0:57:39]} Ba3 {[%clk 0:59:00]} 14. cxd5 {[%clk 0:53:39]} Bxc1
{[%clk 0:56:02]} 15. dxc6 {[%clk 0:53:23]} b5 {[%clk 0:55:09]} 16. Rxc1
{[%clk 0:53:05]} O-O {[%clk 0:55:11]} 17. c7 {[%clk 0:49:52]} Rc8
{[%clk 0:54:54]} 18. d5 {[%clk 0:47:44]} exd5 {[%clk 0:51:12]} 19. Qxd5
{[%clk 0:47:40]} Bg4 {[%clk 0:51:12]} 20. Bg5 {[%clk 0:41:37]} Raxc7
{[%clk 0:50:48]} 21. Rxc7 {[%clk 0:38:48]} Qxc7 {[%clk 0:50:21]} 22. h3
{[%clk 0:38:07]} Be6 {[%clk 0:49:36]} 23. Qd2 {[%clk 0:34:43]} 1/2-1/2